| 000 | 00701nam a22001577a 4500 | ||
|---|---|---|---|
| 003 | OSt | ||
| 005 | 20151130110749.0 | ||
| 008 | 151130b xxu||||| |||| 00| 0 eng d | ||
| 040 | _cRUA | ||
| 082 | _aFIS KOU 1997 B167 Or.1 | ||
| 100 |
_94021 _aKOU, BUNTEUNG. |
||
| 245 | _aStudy of the traditional fishery knowledge in kompong khleang commune, sotrnikun district, siem reap province (សិក្សាការនេសាទតាមលក្ខណះប្រពៃណីនៅក្នុងឃំុកំពង់ឃ្លាំងស្រុកសូទ្រនិគមខេត្តសៀមរាប) | ||
| 260 |
_aPhnom Penh _bRUA _c1997 |
||
| 300 |
_a59p. _bill. _c29cm. |
||
| 942 |
_2ddc _cFIS |
||
| 999 |
_c3740 _d3740 |
||